Languages With The Largest Alphabets - Statistics

General Stats
  • This quiz has been taken 70 times
  • The average score is 11 of 18
Answer Stats
# of Letters Answer % Correct
26 English
91%
33 Russian
89%
27 Spanish
84%
26 French
80%
46 Japanese
77%
52 Hindi
75%
26 German
71%
24 Korean
71%
26 Portuguese
70%
29 Turkish
57%
21 Italian
55%
22 Hebrew
54%
36 Urdu
52%
36 Armenian
50%
74 Khmer
45%
32 Persian
45%
247 Tamil
41%
64 Nepali
30%
No matching quizzes found
Score Distribution
Percent of People with Each Score
Percentile by Number Answered
Your Score History
You have not taken this quiz